Statistics for UK Christmas Number 1 Artists (1952-2022)

Click here to take the quiz!

General Stats

  • This quiz has been taken 131 times
    (46 since last reset)
  • The average score is 40 of 71

Answer Stats

YearSong TitleArtist% Correct
1975Bohemian RhapsodyQueen
100%
1991Bohemian Rhapsody / These Are The Days of Our LivesQueen
100%
1984Do They Know It's Christmas?Band Aid
95%
1964I Feel FineThe Beatles
95%
1963I Want To Hold Your HandThe Beatles
95%
1967Hello, GoodbyeThe Beatles
95%
1965Day Tripper / We Can Work This OutThe Beatles
95%
1988Mistletoe and WineCliff Richard
93%
1990Saviour's DayCliff Richard
93%
1979Another Brick In The WallPink Floyd
90%
1973Merry Xmas EverybodySlade
90%
1998GoodbyeSpice Girls
90%
1997Too MuchSpice Girls
90%
19962 Become 1Spice Girls
90%
1992I Will Always Love YouWhitney Houston
90%
2000Can We Fix It?Bob The Builder
85%
1995Earth SongMichael Jackson
85%
1993Mr BlobbyMr Blobby
85%
1962Return To SenderElvis Presley
80%
2021Sausage Rolls For EveryoneLadbaby ft Ed Sheeran and Elton John
80%
1994Stay Another DayEast 17
78%
1966Green, Green Grass of HomeTom Jones
78%
1978Mary's Boy ChildBoney M
76%
1977Mull of Kintyre / Girls' SchoolWings
73%
2009Killing In The NameRage Against The Machine
71%
1969Two Little BoysRolf Harris
71%
1981Don't You Want MeThe Human League
71%
2002Sound of The UndergroundGirls Aloud
68%
2007When You BelieveLeon Jackson
68%
2018We Built This CityLadbaby
66%
2019I Love Sausage RollsLadbaby
66%
2020Don't Stop Me Eatin'Ladbaby
66%
2022Food AidLadbaby
66%
1972Long Haired Lover From LiverpoolJimmy Osmond
61%
1971Ernie (The Fastest Milkman In The West)Benny Hill
59%
1987Always On My MindPet Shop Boys
59%
2001Somethin' StupidRobbie Williams and Nicole Kidman
56%
2006A Moment Like ThisLeona Lewis
54%
1985Merry Christmas EveryoneShakin' Stevens
54%
2008HallelujahAlexandra Burke
51%
1961Moon RiverDanny Williams
51%
1986Reet PetiteJackie Wilson
51%
1999I Have A Dream / Seasons In The SunWestlife
51%
2004Do They Know It's Christmas?Band Aid 20
49%
2017PerfectEd Sheeran
49%
1974Lonely This ChristmasMud
49%
1980There's No One Quite Like GrandmaSt Winifred's School Choir
46%
2005That's My GoalShayne Ward
44%
2003Mad WorldMichael Andrews and Gary Jules
39%
1960I Love YouCliff Richard and The Shadows
37%
1976When A Child Is BornJohnny Mathis
37%
2010When We CollideMatt Cardle
34%
1989Do They Know It's Christmas?Band Aid II
32%
1983Only YouThe Flying Pickets
32%
1952Here In My HeartAl Martino
27%
2016RockabyeClean Bandit (ft Sean Paul and Anne-Marie)
27%
1968Lily The PinkThe Scaffold
24%
1970I Hear You KnockingDave Edmunds
22%
1957Mary's Boy ChildHarry Belafonte
22%
2013SkyscraperSam Bailey
20%
2014Something I NeedBen Haenow
15%
2011Wherever You AreMilitary Wives with Gareth Malone
15%
1982Save Your LoveRenee and Renato
15%
1958It's Only Make BelieveConway Twitty
12%
1953Answer MeFrankie Laine
12%
2012He Ain't Heavy, He's My BrotherThe Justice Collective
12%
1959What Do You Want To Make Those Eyes At Me ForEmile Ford and The Checkmates
7%
1956Just Walkin' In The RainJohnnie Ray
5%
2015A Bridge Over YouThe Lewisham and Greenwich NHS Choir
5%
1954Let's Have Another PartyWinifred Atwell
5%
1955Christmas AlphabetDickie Valentine
2%

Score Distribution

Percentile by Number Answered

Percent of People with Each Score

Your Score History

You have not taken this quiz since the last reset